000 00705cmm a22001817a 4500
082 _a652.5
_bWOR
245 1 0 _aWordPerfect for DOS
250 _aVersion 5.1.
260 _aOrem, Utah :
_bWordPerfect,
_cc1989.
300 _a6 floppy disks ;
_c3 1/2 in. +
_e1 reference manual.
500 _aProduction level cataloging.
500 _aTitle from reference manual.
520 _aA word-processing program which allows the user to create and format a variety of documents. Also contains holiday, business, education, and leisure packs each pack contain more than 200 images.
526 _a0
_b0
_c0
_d652_500000000000000_WOR
650 0 _aMCE
_9379
650 0 _aWord processing
_936793
942 _2ddc
_cBK
999 _c548239
_d548239